000 00296nam a22001337a 4500
008 170331b xxu||||| |||| 00| 0 eng d
020 _a9780892031146
041 _aeng
080 _a617
100 _a8
101 _aSHM
245 _aORTHOPAEDIC KNOWLEDGE UPDATE
_cKASSER.J.R
942 _2udc
_cBK
999 _c9306
_d9306